000 01306cam a2200361 a 4500
001 16015745
003 OSt
005 20180116192418.0
008 091210s2009 enka 001 0 eng
010 _a 2008907840
015 _aGBA915082
_2bnb
016 7 _a014903672
_2Uk
020 _a9780500514573 (hbk.)
020 _a0500514577 (hbk.)
035 _a(OCoLC)ocn305157496
040 _aUKM
_cUKM
_dYDXCP
_dZQP
_dGZM
_dIAY
_dBON
_dDLC
042 _alccopycat
050 0 0 _aNK1510
_b.H67 2009
082 0 4 _a745.4
_222
100 1 _aHouseley, Laura.
_97019
245 1 4 _aThe independent design guide :
_binnovative products from the new generation /
_cLaura Houseley.
260 _aLondon ;
_aNew York :
_bThames & Hudson,
_c2009.
300 _a352 p. :
_bcol. ill. ;
_c26 cm.
500 _aIncludes index.
500 _aIncludes: Contact Information, Materials, Designer locations.
505 0 _aA new design landscape -- Chronology -- Furniture -- Lighting -- Accessories -- Utility -- Environment.
650 0 _aDesign.
_97020
650 0 _aIndustrial design.
_97021
906 _a7
_bcbc
_ccopycat
_d2
_encip
_f20
_gy-gencatlg
942 _2ddc
_cBK
999 _c353812
_d353812